000 00704nam a2200241Ia 4500
003 GCL
008 140319s9999 xx 000 0 ara d
040 _aGCL /
_cGCL
082 0 4 _a529
_bج م
245 1 0 _aمن المزولة الى الساعة الذرية (مفهوم الوقت)
300 _a227 ص
490 _aنحن والعلم
_v0
650 0 4 _aالساعات
650 0 4 _aالفلك
650 0 4 _aالاشارات
650 0 4 _aالاتصالات الالكترونية
650 0 4 _aالتوقيت
650 0 4 _aالتقويم
650 0 4 _aالتوقيت، قياس
650 0 4 _aاليوم الشمسى
650 0 4 _aالتوقيت، قانون دولى
942 _2ddc
_cBK
999 _c38018
_d38018